Millimeter wave and optical dielectric integrated guides and circuits/ (Record no. 11944)
[ view plain ]
| 000 -LEADER | |
|---|---|
| fixed length control field | 01278cam a2200301 a 4500 |
| 001 - CONTROL NUMBER | |
| control field | 3999250 |
| 005 - DATE AND TIME OF LATEST TRANSACTION | |
| control field | 20020817203452.0 |
| 008 - FIXED-LENGTH DATA ELEMENTS--GENERAL INFORMATION | |
| fixed length control field | 960812s1997 nyua b 001 0 eng |
| 010 ## - LIBRARY OF CONGRESS CONTROL NUMBER | |
| LC control number | 96034530 |
| 020 ## - INTERNATIONAL STANDARD BOOK NUMBER | |
| International Standard Book Number | 0471168416 (cloth : acidfree paper) |
| 040 ## - CATALOGING SOURCE | |
| Original cataloging agency | DLC |
| Transcribing agency | DLC |
| Modifying agency | DLC |
| 050 00 - LIBRARY OF CONGRESS CALL NUMBER | |
| Classification number | TK7871.65 |
| Item number | .K57 1997 |
| 082 00 - DEWEY DECIMAL CLASSIFICATION NUMBER | |
| Classification number | 621.381331 |
| Edition number | 20 |
| Item number | KOU |
| 100 1# - MAIN ENTRY--PERSONAL NAME | |
| Personal name | Koul, Shiban K. |
| 9 (RLIN) | 6625 |
| 245 10 - TITLE STATEMENT | |
| Title | Millimeter wave and optical dielectric integrated guides and circuits/ |
| Statement of responsibility, etc | Shiban K. Koul. |
| 260 ## - PUBLICATION, DISTRIBUTION, ETC. (IMPRINT) | |
| Place of publication, distribution, etc | New York : |
| Name of publisher, distributor, etc | Wiley, |
| Date of publication, distribution, etc | c1997. |
| 300 ## - PHYSICAL DESCRIPTION | |
| Extent | xx, 563 p. : |
| Other physical details | ill. ; |
| Dimensions | 25 cm. |
| 440 #0 - | |
| -- | Wiley series in microwave and optical engineering |
| -- | 6626 |
| 500 ## - GENERAL NOTE | |
| General note | "A Wiley-Interscience publication." |
| 504 ## - BIBLIOGRAPHY, ETC. NOTE | |
| Bibliography, etc | Includes bibliographical references and index. |
| 650 #0 - SUBJECT ADDED ENTRY--TOPICAL TERM | |
| Topical term or geographic name as entry element | Dielectric wave guides. |
| 9 (RLIN) | 6627 |
| 650 #0 - SUBJECT ADDED ENTRY--TOPICAL TERM | |
| Topical term or geographic name as entry element | Millimeter wave devices. |
| 9 (RLIN) | 6628 |
| 650 #0 - SUBJECT ADDED ENTRY--TOPICAL TERM | |
| Topical term or geographic name as entry element | Integrated optics. |
| 9 (RLIN) | 6629 |
| 856 41 - ELECTRONIC LOCATION AND ACCESS | |
| Materials specified | Table of contents |
| Uniform Resource Identifier | <a href="http://www.loc.gov/catdir/toc/wiley022/96034530.html">http://www.loc.gov/catdir/toc/wiley022/96034530.html</a> |
| 942 ## - ADDED ENTRY ELEMENTS (KOHA) | |
| Source of classification or shelving scheme | Dewey Decimal Classification |
| Item type | Book - Borrowing |
| Withdrawn status | Item status | Source of classification or shelving scheme | Damaged status | Not for loan | Vendor | Home library | Current library | Shelving location | Date acquired | Source of acquisition | Cost, normal purchase price | Total Checkouts | Full call number | Barcode | Date last seen | Koha item type |
|---|---|---|---|---|---|---|---|---|---|---|---|---|---|---|---|---|
| Dewey Decimal Classification | Alef-Baa | Central Library | Central Library | First floor | 22/06/2009 | 150.00 | 621.381331 KOU | 000017058 | 15/07/2025 | Book - Borrowing |